| 000 | 01350cam a2200301 a 4500 | ||
|---|---|---|---|
| 001 | 4946545 | ||
| 003 | OSt | ||
| 005 | 20230921114353.0 | ||
| 008 | 961106s1996 enka b 000 0 eng | ||
| 010 | _a 96047972 | ||
| 020 | _a0631203001 (alk. paper) | ||
| 040 |
_aDLC _cDLC _dDLC |
||
| 043 |
_ae-uk--- _an-us--- |
||
| 050 | 0 | 0 |
_aLA636.8 _b.C74 1996 |
| 082 | 0 | 0 |
_a378.4109045 _bSHA/C |
| 245 | 0 | 4 |
_aThe creation of a university system / _cedited by Michael Shattock. |
| 260 |
_aOxford, OX, UK ; _aCambridge, MA, USA : _bBlackwell Publishers, _c1996. |
||
| 300 |
_axi, 265 p. : _bill. ; _c22 cm. |
||
| 500 | _aSelection of articles from Universities quarterly and its successor, Higher education quarterly, in celebration of the periodical's fiftieth anniversary. | ||
| 504 | _aIncludes bibliographical references. | ||
| 650 | 0 |
_aUniversities and colleges _zGreat Britain _xHistory _y20th century. |
|
| 650 | 0 |
_aHigher education and state _zGreat Britain _xHistory _y20th century. |
|
| 650 | 0 |
_aUniversities and colleges _zUnited States _xHistory _y20th century. |
|
| 700 | 1 |
_aShattock, Michael _99549 |
|
| 906 |
_a7 _bcbc _corignew _d1 _eocip _f19 _gy-gencatlg |
||
| 942 |
_2ddc _cBK _h378.4109045 _iSHA/C _k378.4109045 _mSHA/C |
||
| 999 |
_c42244 _d42244 |
||